[Event "SVK-chT2A 2223"]
[Site "Slovakia"]
[Date "2023.03.26"]
[Round "11.6"]
[White "Shirinyan, Daniel"]
[Black "Lopatievov, Alexander"]
[Result "1-0"]
[WhiteElo "1903"]
[BlackElo "1910"]
[PlyCount "78"]
[EventDate "2022.10.08"]
[EventType "team-tourn"]
[EventRounds "11"]
[EventCountry "SVK"]
[SourceTitle "EXT 2024"]
[Source "ChessBase"]
[SourceDate "2023.10.10"]
[SourceVersion "1"]
[SourceVersionDate "2023.10.10"]
[SourceQuality "1"]
[WhiteTeam "Senec"]
[BlackTeam "Modranka Komplet"]
[WhiteTeamCountry "SVK"]
[BlackTeamCountry "SVK"]

1. d4 c6 2. Bf4 Nf6 3. e3 g6 4. Nf3 Bg7 5. Be2 d6 6. h3 0-0 7. 0-0 Nbd7 8. c4 Re8 9. Nc3 b6 10. Qc2 Bb7 11. Rfd1 Nh5 12. Bh2 c5 13. d5 a6 14. a4 h6 15. Rd2 Nhf6 16. Re1 Nh7 17. Rdd1 Nhf8 18. Bf1 Bc8 19. e4 Ne5 20. Bxe5 dxe5 21. a5 bxa5 22. Ra1 Bd7 23. Ra3 Qc7 24. Rea1 Reb8 25. Rxa5 Qb6 26. R1a2 g5 27. Qd2 Qd6 28. Ne1 Rb6 29. Nd3 Re8 30. Qe3 Reb8 31. Nxc5 Rxb2 32. Rxb2 Rxb2 33. Rxa6 Qb8 34. Nxd7 Nxd7 35. Nb5 Kh7 36. Qa3 Rb1 37. Qxe7 Nb6 38. Qc5 Nd7 39. Qd6 Qd8 1-0

[Event "SVK-chT3A2 2223"]
[Site "Slovakia"]
[Date "2023.03.19"]
[Round "9.5"]
[White "Lopatievov, Alexander"]
[Black "Orvisky, Vladimir"]
[Result "1-0"]
[WhiteElo "1936"]
[BlackElo "1603"]
[PlyCount "85"]
[EventDate "2022.10.16"]
[EventType "team-tourn"]
[EventRounds "9"]
[EventCountry "SVK"]
[SourceTitle "EXT 2024"]
[Source "ChessBase"]
[SourceDate "2023.10.10"]
[SourceVersion "1"]
[SourceVersionDate "2023.10.10"]
[SourceQuality "1"]
[WhiteTeam "Modranka Komplet II"]
[BlackTeam "Piestany Kupele II"]
[WhiteTeamCountry "SVK"]
[BlackTeamCountry "SVK"]

1. c4 e5 2. Nc3 Nc6 3. e3 Nf6 4. a3 a6 5. g3 Be7 6. Bg2 d6 7. d4 exd4 8. exd4 Bd7 9. b4 Qc8 10. Nf3 Bh3 11. 0-0 Bxg2 12. Kxg2 0-0 13. Re1 Qd7 14. d5 Nb8 15. Qd3 h6 16. Bb2 Qd8 17. Re2 Re8 18. Rae1 Nbd7 19. Ne4 Ng4 20. h3 Nge5 21. Qc3 f5 22. Nxe5 dxe5 23. Nc5 Nxc5 24. bxc5 Bf6 25. Qd2 e4 26. d6 Bxb2 27. Qd5+ Kh8 28. Rxb2 cxd6 29. cxd6 Qf6 30. Rxb7 Qc3 31. Re3 Qf6 32. Rf7 Qg6 33. Rxf5 Rad8 34. c5 Qe6 35. Qxe6 Rxe6 36. f3 g6 37. Rd5 exf3+ 38. Kxf3 Rf6+ 39. Ke2 Rdf8 40. d7 Rf2+ 41. Kd3 Rd8 42. Re8+ Rf8 43. Rxf8+ 1-0

[Event "SVK-chT2A 2223"]
[Site "Slovakia"]
[Date "2023.02.11"]
[Round "8.4"]
[White "Lopatievov, Alexander"]
[Black "Simonics, Peter"]
[Result "1/2-1/2"]
[WhiteElo "1910"]
[BlackElo "2088"]
[PlyCount "69"]
[EventDate "2022.10.08"]
[EventType "team-tourn"]
[EventRounds "11"]
[EventCountry "SVK"]
[SourceTitle "EXT 2024"]
[Source "ChessBase"]
[SourceDate "2023.10.10"]
[SourceVersion "1"]
[SourceVersionDate "2023.10.10"]
[SourceQuality "1"]
[WhiteTeam "Modranka Komplet"]
[BlackTeam "Dunajska Streda II"]
[WhiteTeamCountry "SVK"]
[BlackTeamCountry "SVK"]

1. c4 Nf6 2. Nc3 g6 3. g3 Bg7 4. Bg2 0-0 5. Nf3 d6 6. 0-0 c6 7. d3 e5 8. Bg5 h6 9. Bd2 Qe7 10. e4 Na6 11. Qc1 Kh7 12. a3 Nc5 13. Qc2 Nh5 14. b4 Ne6 15. Ne2 Bd7 16. Bc3 Ng5 17. Nxg5+ hxg5 18. d4 Rh8 19. Rad1 Be6 20. Bb2 Raf8 21. d5 cxd5 22. exd5 Bf5 23. Qd2 Rc8 24. Rc1 b6 25. f3 Nf6 26. g4 Bd7 27. Ng3 Kg8 28. Rfe1 Ne8 29. Ne4 f5 30. Nf2 Kf7 31. h3 Nf6 32. c5 bxc5 33. bxc5 Rce8 34. c6 Bc8 35. Rc4 1/2-1/2

[Event "SVK-chT3A2 2223"]
[Site "Slovakia"]
[Date "2022.12.04"]
[Round "3.2"]
[White "Kovacocy, Pavol"]
[Black "Lopatievov, Alexander"]
[Result "0-1"]
[WhiteElo "2245"]
[BlackElo "1936"]
[PlyCount "136"]
[EventDate "2022.10.16"]
[EventType "team-tourn"]
[EventRounds "9"]
[EventCountry "SVK"]
[SourceTitle "EXT 2024"]
[Source "ChessBase"]
[SourceDate "2023.10.10"]
[SourceVersion "1"]
[SourceVersionDate "2023.10.10"]
[SourceQuality "1"]
[WhiteTeam "Cifer II"]
[BlackTeam "Modranka Komplet II"]
[WhiteTeamCountry "SVK"]
[BlackTeamCountry "SVK"]

1. e4 d6 2. d4 g6 3. Bd3 Bg7 4. c3 c6 5. Be3 Nf6 6. h3 0-0 7. Nf3 b6 8. Qe2 Bb7 9. Nbd2 Nbd7 10. Rd1 Re8 11. 0-0 Qc7 12. Rfe1 e5 13. dxe5 dxe5 14. Nh2 b5 15. Ng4 a6 16. Qf3 c5 17. Bg5 Nxg4 18. hxg4 h6 19. Be3 g5 20. Nf1 Nf6 21. Ng3 Rad8 22. Qe2 c4 23. Bc2 Rxd1 24. Rxd1 Rd8 25. f3 Bf8 26. Rxd8 Qxd8 27. b3 Qc7 28. b4 Bc8 29. a4 a5 30. axb5 axb4 31. cxb4 Bxb4 32. Qf2 Qa5 33. b6 Be1 34. Qe2 Bxg3 35. Qd1 Qe1+ 36. Qxe1 Bxe1 37. Ba4 Bb7 38. Bc5 Bc3 39. Bb5 Bd4+ 40. Bxd4 exd4 41. Bxc4 Nd7 42. Kf2 Nxb6 43. Bb5 Bc8 44. Ke2 Bd7 45. Ba6 Na4 46. Kd2 Kf8 47. Be2 Nc5 48. Bc4 Be6 49. Bb5 Ke7 50. Be2 Kd6 51. g3 Ke5 52. Bb5 Bc8 53. Bc4 f6 54. Bd5 Ba6 55. Bf7 Kd6 56. Bd5 Nd7 57. Bb3 Ne5 58. Bd1 Nc4+ 59. Ke1 d3 60. Bb3 Ke5 61. Bd1 Kd4 62. Kf2 Bb5 63. Bb3 Kc3 64. Bd1 Nb2 65. f4 Nxd1+ 66. Kf3 Kd4 67. e5 fxe5 68. f5 Bc6# 0-1

[Event "SVK-chT2A 2223"]
[Site "Slovakia"]
[Date "2022.11.12"]
[Round "3.8"]
[White "Skrinar, Marek"]
[Black "Lopatievov, Alexander"]
[Result "1/2-1/2"]
[WhiteElo "1727"]
[BlackElo "1923"]
[PlyCount "75"]
[EventDate "2022.10.08"]
[EventType "team-tourn"]
[EventRounds "11"]
[EventCountry "SVK"]
[SourceTitle "EXT 2024"]
[Source "ChessBase"]
[SourceDate "2023.10.10"]
[SourceVersion "1"]
[SourceVersionDate "2023.10.10"]
[SourceQuality "1"]
[WhiteTeam "Bratislava Slovan IV"]
[BlackTeam "Modranka Komplet"]
[WhiteTeamCountry "SVK"]
[BlackTeamCountry "SVK"]

1. e4 d6 2. d4 g6 3. Nf3 Bg7 4. Bc4 c6 5. 0-0 d5 6. exd5 cxd5 7. Bb3 Nc6 8. Nc3 Nf6 9. Re1 0-0 10. Bg5 e6 11. Qd2 a6 12. Ne5 Na5 13. Bh6 Nxb3 14. axb3 Bd7 15. Bxg7 Kxg7 16. Re3 Ng8 17. Rae1 Re8 18. Rh3 f6 19. Nxd7 Qxd7 20. Na4 Qd6 21. c4 b6 22. Rhe3 dxc4 23. bxc4 Rad8 24. d5 e5 25. f4 b5 26. fxe5 fxe5 27. Nc3 bxc4 28. Qe2 Qc5 29. Kh1 Nf6 30. Rxe5 Rxe5 31. Qxe5 Re8 32. Qg3 Rxe1+ 33. Qxe1 Ng4 34. h3 Nf2+ 35. Kh2 Nd3 36. Qe6 Qd4 37. Qe7+ Kh6 38. Qf8+ 1/2-1/2

[Event "SVK-chT3A2 2122"]
[Site "Slovakia"]
[Date "2021.10.24"]
[Round "2.4"]
[White "Libich, Oliver1111"]
[Black "Lopatievov, Alexander"]
[Result "0-1"]
[WhiteElo "1339"]
[BlackElo "1897"]
[PlyCount "52"]
[EventDate "2021.10.10"]
[EventType "team-tourn"]
[EventRounds "11"]
[EventCountry "SVK"]
[SourceTitle "EXT 2023"]
[Source "ChessBase"]
[SourceDate "2022.10.05"]
[SourceVersion "1"]
[SourceVersionDate "2022.10.05"]
[SourceQuality "1"]
[WhiteTeam "Modranka Komplet II"]
[BlackTeam "Modranka Komplet"]
[WhiteTeamCountry "SVK"]
[BlackTeamCountry "SVK"]

1. d4 d5 2. c4 c6 3. Nc3 Nf6 4. e3 g6 5. Nf3 Bg7 6. Bd3 0-0 7. 0-0 e6 8. Ne5 Nfd7 9. f4 f6 10. Nf3 Re8 11. Qb3 dxc4 12. Bxc4 Nb6 13. Bd2 Nxc4 14. Qxc4 b6 15. Rac1 Ba6 16. Qb3 Bxf1 17. Kxf1 Kh8 18. e4 Nd7 19. d5 Nc5 20. Qc4 exd5 21. exd5 Rc8 22. b4 cxd5 23. Nxd5 Ne4 24. Qxc8 Qxc8 25. Rxc8 Rxc8 26. a4 Rd8 0-1

[Event "SVK-chT3A2 1819"]
[Site "Slovakia"]
[Date "2019.02.10"]
[Round "8.4"]
[White "Szitasi, Janos"]
[Black "Lopatievov, Alexander"]
[Result "0-1"]
[WhiteElo "1968"]
[BlackElo "1834"]
[PlyCount "168"]
[EventDate "2018.10.07"]
[EventType "team-tourn"]
[EventRounds "11"]
[EventCountry "SVK"]
[SourceTitle "EXT 2020"]
[Source "ChessBase"]
[SourceDate "2019.10.17"]
[SourceVersion "1"]
[SourceVersionDate "2019.10.17"]
[SourceQuality "1"]
[WhiteTeam "Potonska Veza II"]
[BlackTeam "Modranka Komplet"]
[WhiteTeamCountry "SVK"]
[BlackTeamCountry "SVK"]

1. e4 c6 2. d4 d5 3. exd5 Qxd5 4. Nc3 Qa5 5. Nf3 Nf6 6. Bc4 Bg4 7. Bxf7+ Kxf7 8. Ne5+ Qxe5+ 9. dxe5 Bxd1 10. exf6 Bxc2 11. fxg7 Bxg7 12. 0-0 Nd7 13. Be3 Nb6 14. Rac1 Bf5 15. Rfe1 Nc4 16. Bc5 Rhe8 17. b3 Nd6 18. h3 b6 19. Be3 Rac8 20. g4 Bd3 21. f4 Nb5 22. Ne2 Bxe2 23. Rxe2 Nd4 24. Rf2 c5 25. Kg2 Red8 26. h4 Nb5 27. Bd2 Rd3 28. h5 Rcd8 29. Be1 Rd1 30. Rxd1 Rxd1 31. Re2 Nd4 32. Re4 Nc2 33. Bh4 e6 34. g5 Nd4 35. Bf2 Rd2 36. h6 Bh8 37. Kf1 Rxa2 38. b4 a5 39. bxc5 bxc5 40. Re3 Rc2 41. Ra3 Nc6 42. Rd3 Ke7 43. Bh4 Kf7 44. Rd7+ Kg6 45. Rd6 Ne7 46. Rxe6+ Kf7 47. Ra6 Nf5 48. Bf2 Rc4 49. Kg2 Rxf4 50. Bxc5 Bc3 51. Bb6 Rg4+ 52. Kf2 Rxg5 53. Bxa5 Bxa5 54. Rxa5 Rh5 55. Rb5 Kg6 56. Rb6+ Kg5 57. Kf3 Rh3+ 58. Kg2 Rxh6 59. Rb5 Rh4 60. Ra5 h5 61. Rb5 Re4 62. Rb8 h4 63. Kh3 Re3+ 64. Kh2 Rd3 65. Ra8 Kg4 66. Rg8+ Kf4 67. Rf8 Re3 68. Rb8 Re2+ 69. Kh3 Rd2 70. Ra8 Rd3+ 71. Kh2 Rf3 72. Ra4+ Kg5 73. Ra1 Nh6 74. Ra5+ Rf5 75. Ra7 Ng4+ 76. Kg2 Rf2+ 77. Kg1 Rb2 78. Ra3 Kf4 79. Rh3 Rd2 80. Rb3 Ne3 81. Kh1 Re2 82. Rb8 Kg3 83. Rb1 h3 84. Ra1 Ng2 0-1

[Event "SVK-chT4 A22 1819"]
[Site "Slovakia"]
[Date "2018.12.02"]
[Round "4.3"]
[White "Brestovansky, Anton"]
[Black "Lopatievov, Alexander"]
[Result "0-1"]
[WhiteElo "1707"]
[BlackElo "1826"]
[PlyCount "60"]
[EventDate "2018.10.14"]
[EventType "team-tourn"]
[EventRounds "11"]
[EventCountry "SVK"]
[SourceTitle "EXT 2020"]
[Source "ChessBase"]
[SourceDate "2019.10.17"]
[SourceVersion "1"]
[SourceVersionDate "2019.10.17"]
[SourceQuality "1"]

1. d4 d5 2. c4 c6 3. e3 Nf6 4. Nc3 e6 5. Nf3 Be7 6. Bd3 dxc4 7. Bxc4 0-0 8. 0-0 Nbd7 9. a3 b6 10. b4 a5 11. b5 Bb7 12. Bb2 Rc8 13. Bd3 c5 14. Qe2 cxd4 15. Nxd4 Nc5 16. Bc2 Bd6 17. h3 Bb8 18. f4 Nce4 19. Bxe4 Nxe4 20. Nxe4 Bxe4 21. Rac1 Bd6 22. Rxc8 Qxc8 23. Rc1 Qd7 24. Qc4 Bc5 25. Qc3 f6 26. a4 Re8 27. Nb3 Bb4 28. Qc4 Qd5 29. Qc6 Kf8 30. Qxb6 Qxb3 0-1

[Event "SVK-chT4 A22 1819"]
[Site "Slovakia"]
[Date "2018.11.11"]
[Round "3.5"]
[White "Both, Lajos"]
[Black "Lopatievov, Alexander"]
[Result "0-1"]
[WhiteElo "1805"]
[BlackElo "1825"]
[PlyCount "196"]
[EventDate "2018.10.14"]
[EventType "team-tourn"]
[EventRounds "11"]
[EventCountry "SVK"]
[SourceTitle "EXT 2020"]
[Source "ChessBase"]
[SourceDate "2019.10.17"]
[SourceVersion "1"]
[SourceVersionDate "2019.10.17"]
[SourceQuality "1"]

1. Nf3 c5 2. c4 b6 3. b3 Bb7 4. e3 Nc6 5. Bb2 d6 6. g3 e5 7. Nc3 f5 8. d3 Nf6 9. Bg2 Qd7 10. 0-0 0-0-0 11. d4 e4 12. Ne1 h5 13. h4 d5 14. dxc5 Bxc5 15. Nc2 d4 16. exd4 Nxd4 17. Nxd4 Bxd4 18. Qe2 Kb8 19. Rad1 Qe6 20. Nb5 Bc5 21. Bc1 e3 22. fxe3 g6 23. Bxb7 Kxb7 24. Qf3+ Ne4 25. Qf4 Qe7 26. a3 a6 27. b4 axb5 28. bxc5 Qxc5 29. cxb5 Qxb5 30. Qf3 Rc8 31. Bd2 Rc2 32. Bb4 Ka6 33. Rd4 Qe5 34. Be1 Rhc8 35. Ra4+ Kb7 36. Rd4 Ra2 37. Rd2 Rxd2 38. Bxd2 Qxg3+ 39. Qxg3 Nxg3 40. Rb1 Ka6 41. Bb4 Rc2 42. Be7 Re2 43. Rb3 Ne4 44. Bd8 b5 45. Rd3 Kb7 46. Be7 Kc6 47. Bd8 Rd2 48. Rxd2 Nxd2 49. Kf2 Kd5 50. Ke2 Nc4 51. Be7 Ke4 52. Bc5 Ne5 53. Be7 f4 54. exf4 Kxf4 55. Bg5+ Kg4 56. Ke3 Nc4+ 57. Kd4 Nxa3 58. Kc5 Nc2 59. Kxb5 Ne1 60. Kc4 Nf3 61. Bd8 Nxh4 62. Kd3 Nf5 63. Ke2 h4 64. Kf2 Ng3 65. Bc7 Ne4+ 66. Kg2 Nd2 67. Bb6 Nf3 68. Bf2 h3+ 69. Kh1 Ng5 70. Kh2 Nf3+ 71. Kh1 Nd2 72. Kg1 Kf3 73. Bh4 Ne4 74. Kh2 Kg4 75. Be1 Ng5 76. Bf2 Nf3+ 77. Kh1 g5 78. Be3 Kg3 79. Bf2+ Kf4 80. Be3+ Kf5 81. Bf2 g4 82. Bg3 Ng5 83. Kh2 Ke4 84. Bc7 Kf3 85. Kg1 Ne6 86. Bb8 Nf4 87. Bc7 Ne2+ 88. Kh2 Nf4 89. Kh1 g3 90. Bd6 h2 91. Bb8 Kg4 92. Bc7 Kf3 93. Bb8 Kf2 94. Ba7+ Kf1 95. Bb6 Nh3 96. Ba7 Nf2+ 97. Bxf2 g2+ 98. Kxh2 Kxf2 0-1

[Event "SVK-chT4 A22 1718"]
[Site "Slovakia"]
[Date "2018.03.18"]
[Round "11.3"]
[White "Holicky, Miroslav"]
[Black "Lopatievov, Alexander"]
[Result "0-1"]
[WhiteElo "1736"]
[BlackElo "1820"]
[PlyCount "98"]
[EventDate "2017.10.01"]
[EventType "team-tourn"]
[EventRounds "11"]
[EventCountry "SVK"]
[SourceTitle "EXT 2020"]
[Source "ChessBase"]
[SourceDate "2019.10.17"]
[SourceVersion "1"]
[SourceVersionDate "2019.10.17"]
[SourceQuality "1"]

1. d4 d5 2. c4 e6 3. Nf3 c6 4. g3 Nf6 5. Bg2 dxc4 6. 0-0 Be7 7. Ne5 Nbd7 8. Nxc4 0-0 9. a4 Nb6 10. Ne5 Nfd7 11. Nxd7 Qxd7 12. a5 Nd5 13. Nc3 Rd8 14. Qa4 Rb8 15. e4 Nc7 16. Rd1 b5 17. Qc2 a6 18. Bf4 Bb7 19. Rac1 Rbc8 20. h4 Bb4 21. Ra1 h6 22. Bh3 Bd6 23. Bxd6 Qxd6 24. d5 cxd5 25. exd5 Nxd5 26. Qd3 Qe7 27. Nxd5 Rxd5 28. Qe3 Rxd1+ 29. Rxd1 Qb4 30. Rd7 Bc6 31. Ra7 Qxa5 32. Qf4 Qa1+ 33. Bf1 Rf8 34. Rc7 Bd5 35. Rc2 a5 36. Qd2 Qa4 37. Rc3 Qe4 38. f3 Qe5 39. Kh2 b4 40. Rc5 Qf6 41. f4 Rd8 42. Qf2 a4 43. Ra5 Ra8 44. Rxa8+ Bxa8 45. Qa7 Qxb2+ 46. Kh3 Be4 47. Qxa4 Bf5+ 48. g4 Qa3+ 49. Qxa3 bxa3 0-1

[Event "SVK-chT4 A22 1718"]
[Site "Slovakia"]
[Date "2018.02.11"]
[Round "9.4"]
[White "Lopatievov, Alexander"]
[Black "Brestovansky, Anton"]
[Result "1/2-1/2"]
[WhiteElo "1824"]
[BlackElo "1718"]
[PlyCount "54"]
[EventDate "2017.10.01"]
[EventType "team-tourn"]
[EventRounds "11"]
[EventCountry "SVK"]
[SourceTitle "EXT 2020"]
[Source "ChessBase"]
[SourceDate "2019.10.17"]
[SourceVersion "1"]
[SourceVersionDate "2019.10.17"]
[SourceQuality "1"]

1. c4 e5 2. Nc3 Nf6 3. g3 Be7 4. Bg2 0-0 5. d3 c6 6. Nf3 d6 7. 0-0 Bg4 8. h3 Bh5 9. g4 Bg6 10. Nh4 Nbd7 11. Nxg6 fxg6 12. e3 Nc5 13. d4 Ncd7 14. Qb3 Qb6 15. Qxb6 Nxb6 16. c5 dxc5 17. dxe5 Nfd7 18. f4 Rad8 19. b3 c4 20. Ne4 cxb3 21. axb3 a6 22. Bb2 Nd5 23. Nd6 Nxe3 24. Rf2 Bxd6 25. exd6 Nxg2 26. Kxg2 Nc5 27. Ba3 Nd3 1/2-1/2

[Event "SVK-chT4 A22 1718"]
[Site "Slovakia"]
[Date "2017.11.12"]
[Round "4.1"]
[White "Lopatievov, Alexander"]
[Black "Rozsas, Daniel"]
[Result "1-0"]
[WhiteElo "1862"]
[BlackElo "1654"]
[PlyCount "103"]
[EventDate "2017.10.01"]
[EventType "team-tourn"]
[EventRounds "11"]
[EventCountry "SVK"]
[SourceTitle "EXT 2020"]
[Source "ChessBase"]
[SourceDate "2019.10.17"]
[SourceVersion "1"]
[SourceVersionDate "2019.10.17"]
[SourceQuality "1"]

1. e4 c5 2. c3 d5 3. exd5 Qxd5 4. d4 Nf6 5. Nf3 a6 6. Be2 Nc6 7. c4 Qd6 8. d5 Nb8 9. Nc3 g6 10. h3 Bg7 11. Be3 0-0 12. Qd2 Re8 13. 0-0 Bf5 14. Bf4 Qd8 15. Bh6 Bh8 16. Nh4 Qd7 17. Nxf5 Qxf5 18. g4 Qe5 19. Bf4 Qd4 20. Rad1 Qxd2 21. Rxd2 Bg7 22. Re1 h6 23. Bf3 Nbd7 24. Rde2 Kf8 25. h4 Nb6 26. g5 hxg5 27. hxg5 Nfd7 28. d6 e5 29. Bg3 Nxc4 30. Nd5 Rab8 31. Bg4 Ncb6 32. Nc7 Rbd8 33. Bf3 Nc4 34. Nxe8 Rxe8 35. Bxb7 a5 36. Bc6 Ncb6 37. f4 Rc8 38. Bb5 exf4 39. Bxf4 Bd4+ 40. Kg2 Nd5 41. Bd2 N7b6 42. d7 Nxd7 43. Bxd7 Rc7 44. Bb5 Bxb2 45. Re8+ Kg7 46. Bc4 Rd7 47. Bxa5 Nf4+ 48. Kf3 Rd4 49. R1e4 Ne6 50. Bxe6 fxe6 51. Rxd4 cxd4 52. Rxe6 1-0

[Event "SVK-chT4 A22 1718"]
[Site "Slovakia"]
[Date "2017.10.29"]
[Round "3.6"]
[White "Matis, Tibor"]
[Black "Lopatievov, Alexander"]
[Result "1-0"]
[WhiteElo "1844"]
[BlackElo "1859"]
[PlyCount "83"]
[EventDate "2017.10.01"]
[EventType "team-tourn"]
[EventRounds "11"]
[EventCountry "SVK"]
[SourceTitle "EXT 2020"]
[Source "ChessBase"]
[SourceDate "2019.10.17"]
[SourceVersion "1"]
[SourceVersionDate "2019.10.17"]
[SourceQuality "1"]

1. e4 c6 2. d4 d5 3. e5 Bf5 4. g4 Bg6 5. e6 fxe6 6. Nf3 Be4 7. Nc3 Bxf3 8. Qxf3 Nf6 9. g5 Ne4 10. Bd3 Nxc3 11. bxc3 g6 12. Qh3 Bg7 13. Qxe6 Qd7 14. Bxg6+ hxg6 15. Qxg6+ Kf8 16. h4 e5 17. Ba3+ Kg8 18. dxe5 Qg4 19. e6 Qe4+ 20. Qxe4 dxe4 21. Ke2 Na6 22. Rad1 Re8 23. e7 c5 24. Rd7 Kf7 25. Rxb7 Rxe7 26. Rhb1 Rhe8 27. h5 Rxb7 28. Rxb7+ Re7 29. Rxe7+ Kxe7 30. Ke3 Bxc3 31. Kxe4 Ke6 32. f4 Nb4 33. f5+ Kf7 34. h6 a5 35. Bc1 Nc6 36. g6+ Kg8 37. h7+ Kh8 38. Kd5 Nd4 39. f6 Nxc2 40. f7 Bg7 41. Bg5 Nb4+ 42. Kc4 1-0

[Event "SVK-chT3A2 1617"]
[Site "Slovakia"]
[Date "2017.02.19"]
[Round "9.5"]
[White "Arpa, Zoltan"]
[Black "Lopatievov, Alexander"]
[Result "1/2-1/2"]
[WhiteElo "1785"]
[BlackElo "1845"]
[PlyCount "120"]
[EventDate "2016.10.16"]
[EventType "team-tourn"]
[EventRounds "11"]
[EventCountry "SVK"]
[SourceTitle "EXT 2020"]
[Source "ChessBase"]
[SourceDate "2019.10.17"]
[SourceVersion "1"]
[SourceVersionDate "2019.10.17"]
[SourceQuality "1"]
[WhiteTeam "Potonska Veza II"]
[BlackTeam "Modranka Komplet"]
[WhiteTeamCountry "SVK"]
[BlackTeamCountry "SVK"]

1. d4 d5 2. c4 c6 3. e3 Nf6 4. Nc3 a6 5. Nf3 Bg4 6. cxd5 cxd5 7. Be2 Nc6 8. a3 e6 9. 0-0 Bd6 10. h3 Bh5 11. b4 Rc8 12. Bb2 0-0 13. Rc1 Bb8 14. Nh2 Qd6 15. g3 Bg6 16. Ng4 Nh5 17. Nh6+ gxh6 18. Bxh5 Ne7 19. Qf3 Nf5 20. Bg4 Ng7 21. Qf4 Qe7 22. Qxh6 f5 23. Be2 Rc6 24. Na4 Rfc8 25. Rxc6 Rxc6 26. Nc5 Bf7 27. Qh4 Qxh4 28. gxh4 Be8 29. Rc1 Rc7 30. Nd3 Bb5 31. Rxc7 Bxc7 32. Nc1 Be8 33. Nb3 Bd8 34. Nc5 Bc6 35. h5 Kf7 36. h6 Ne8 37. Bh5+ Ke7 38. Bxe8 Kxe8 39. Nxe6 Be7 40. Ng7+ Kf7 41. Nxf5 Bf8 42. Kg2 Kf6 43. Nh4 Bxh6 44. Nf3 Kf5 45. Nd2 Ba4 46. Kg3 Bd1 47. Nb1 Bf8 48. Nc3 Bb3 49. Kh4 Kg6 50. Kg4 h5+ 51. Kg3 Bd6+ 52. f4 Be7 53. Bc1 Kf5 54. Bd2 Ke6 55. Be1 Kf5 56. Kf3 Bf6 57. a4 Be7 58. b5 axb5 59. axb5 Bb4 60. Kf2 Bxc3 1/2-1/2

[Event "SVK-chT3A2 1617"]
[Site "Slovakia"]
[Date "2017.01.22"]
[Round "7.6"]
[White "Mosny, Jaroslav"]
[Black "Lopatievov, Alexander"]
[Result "1/2-1/2"]
[WhiteElo "1975"]
[BlackElo "1845"]
[PlyCount "145"]
[EventDate "2016.10.16"]
[EventType "team-tourn"]
[EventRounds "11"]
[EventCountry "SVK"]
[SourceTitle "EXT 2020"]
[Source "ChessBase"]
[SourceDate "2019.10.17"]
[SourceVersion "1"]
[SourceVersionDate "2019.10.17"]
[SourceQuality "1"]
[WhiteTeam "Trnava Lokomotiva III"]
[BlackTeam "Modranka Komplet"]
[WhiteTeamCountry "SVK"]
[BlackTeamCountry "SVK"]

1. d4 d5 2. Nf3 Nf6 3. e3 c6 4. Be2 Nbd7 5. b3 Ne4 6. 0-0 e6 7. Bb2 Bd6 8. Nbd2 Qc7 9. c4 Nxd2 10. Qxd2 0-0 11. Rad1 Re8 12. Rfe1 Nf6 13. Bd3 b6 14. e4 dxe4 15. Bxe4 Nxe4 16. Rxe4 Bb7 17. Rde1 h6 18. Rg4 f5 19. Rg6 Bf4 20. Qe2 Qf7 21. Rxe6 Rxe6 22. Qxe6 Qxe6 23. Rxe6 Kf7 24. Re1 Re8 25. Rxe8 Kxe8 26. Kf1 g5 27. h3 Kf7 28. Ke2 Ke6 29. Ba3 g4 30. Ne1 h5 31. Nd3 Bc7 32. Bc1 gxh3 33. gxh3 Kf6 34. Kf3 b5 35. Bf4 bxc4 36. bxc4 Ba5 37. Be5+ Kg5 38. Nc5 Bc8 39. Kg3 h4+ 40. Kf3 Bd2 41. Bc7 Bc3 42. Ke3 Bb4 43. Nd3 Be7 44. d5 cxd5 45. cxd5 Bf6 46. f4+ Kg6 47. Nc5 Kf7 48. Kd3 Ke8 49. Kc4 Bd8 50. d6 Bf6 51. Kd5 Bd7 52. Bb8 a5 53. Ba7 Bc3 54. Ne6 Kf7 55. Ng5+ Kg6 56. Nf3 Kf7 57. Bd4 Bb4 58. Bb2 a4 59. a3 Ba5 60. Ne5+ Ke8 61. Nc4 Be1 62. Bd4 Bg3 63. Ke5 Be1 64. Ne3 Bd2 65. Nxf5 Bc1 66. Bc5 Bb2+ 67. Bd4 Bxa3 68. Kf6 Bxf5 69. Kxf5 Bxd6 70. Kg4 Be7 71. f5 Kf7 72. Bb2 a3 73. Bxa3 1/2-1/2

[Event "SVK-chT3A2 1617"]
[Site "Slovakia"]
[Date "2017.01.08"]
[Round "6.1"]
[White "Lopatievov, Alexander"]
[Black "Hecko, Dusan"]
[Result "0-1"]
[WhiteElo "1845"]
[BlackElo "2070"]
[PlyCount "54"]
[EventDate "2016.10.16"]
[EventType "team-tourn"]
[EventRounds "11"]
[EventCountry "SVK"]
[SourceTitle "EXT 2020"]
[Source "ChessBase"]
[SourceDate "2019.10.17"]
[SourceVersion "1"]
[SourceVersionDate "2019.10.17"]
[SourceQuality "1"]
[WhiteTeam "Modranka Komplet"]
[BlackTeam "Senica CVC"]
[WhiteTeamCountry "SVK"]
[BlackTeamCountry "SVK"]

1. c4 e5 2. Nc3 Nf6 3. g3 Be7 4. Bg2 0-0 5. e3 c6 6. Nge2 d6 7. 0-0 Be6 8. b3 Qc8 9. Re1 Bh3 10. Bh1 Nbd7 11. d4 Re8 12. Bb2 Qc7 13. Qc2 Rad8 14. Ne4 Nxe4 15. Bxe4 g6 16. dxe5 dxe5 17. a3 Nc5 18. Bh1 Bf5 19. e4 Bg4 20. b4 Ne6 21. f3 Bh3 22. Rad1 Qb6+ 23. c5 Nxc5 24. Rxd8 Rxd8 25. Rd1 Nd3+ 26. Nd4 Rxd4 27. Rxd3 Rxd3+ 0-1

[Event "SVK-chT3A2 1617"]
[Site "Slovakia"]
[Date "2016.12.11"]
[Round "5.6"]
[White "Palka, Miroslav"]
[Black "Lopatievov, Alexander"]
[Result "1/2-1/2"]
[WhiteElo "1929"]
[BlackElo "1845"]
[PlyCount "55"]
[EventDate "2016.10.16"]
[EventType "team-tourn"]
[EventRounds "11"]
[EventCountry "SVK"]
[SourceTitle "EXT 2020"]
[Source "ChessBase"]
[SourceDate "2019.10.17"]
[SourceVersion "1"]
[SourceVersionDate "2019.10.17"]
[SourceQuality "1"]
[WhiteTeam "Senica SK"]
[BlackTeam "Modranka Komplet"]
[WhiteTeamCountry "SVK"]
[BlackTeamCountry "SVK"]

1. c4 e6 2. g3 Nf6 3. Bg2 c6 4. d4 d5 5. cxd5 cxd5 6. Nc3 Be7 7. Nf3 Nc6 8. 0-0 0-0 9. b3 Ne4 10. Bb2 Nd6 11. Rc1 Bd7 12. a3 b5 13. Qd3 a6 14. e4 b4 15. axb4 Nxb4 16. Qe3 dxe4 17. Nxe4 Nf5 18. Qd2 Bb5 19. Rfd1 Nd3 20. Rb1 Rc8 21. Bc3 Nd6 22. Nxd6 Qxd6 23. Bf1 Nb4 24. Bxb5 axb5 25. Bxb4 Qxb4 26. Qxb4 Bxb4 27. d5 exd5 28. Rxd5 1/2-1/2

[Event "SVK-chT4 A22 1617"]
[Site "Slovakia"]
[Date "2016.12.04"]
[Round "5.3"]
[White "Bohunicky, Ivan"]
[Black "Lopatievov, Alexander"]
[Result "1/2-1/2"]
[WhiteElo "1953"]
[BlackElo "1860"]
[PlyCount "79"]
[EventDate "2016.10.09"]
[EventType "team-tourn"]
[EventRounds "11"]
[EventCountry "SVK"]
[SourceTitle "EXT 2020"]
[Source "ChessBase"]
[SourceDate "2019.10.17"]
[SourceVersion "1"]
[SourceVersionDate "2019.10.17"]
[SourceQuality "1"]

1. d4 Nf6 2. c4 e6 3. Nf3 d5 4. Nc3 b6 5. Bg5 Be7 6. e3 dxc4 7. Bxc4 Bb7 8. 0-0 0-0 9. Rc1 Nbd7 10. a3 c5 11. Qe2 Ne4 12. Bxe7 Qxe7 13. Rfd1 Rfd8 14. d5 Nxc3 15. Rxc3 exd5 16. Bxd5 Nf6 17. Bxb7 Qxb7 18. Rcd3 Rxd3 19. Qxd3 h6 20. Nd2 b5 21. f3 c4 22. Qd4 Qe7 23. Nf1 Rc8 24. Kf2 Kf8 25. e4 Qc5 26. Qxc5+ Rxc5 27. Ke3 Ke7 28. Ng3 g6 29. Ne2 a5 30. Nf4 b4 31. Kd4 Rc8 32. axb4 axb4 33. Nd5+ Nxd5 34. exd5 c3 35. bxc3 bxc3 36. Rc1 c2 37. Kd3 Kd6 38. Rxc2 Rxc2 39. Kxc2 Kxd5 40. Kd3 1/2-1/2